[Event "Rhein Main op-B 17th"]
[Site "Bad Homburg"]
[Date "2014.06.21"]
[Round "5"]
[White "Tychyna, Violetta"]
[Black "Lehmann, Nils"]
[Result "1-0"]
[WhiteElo "1018"]
[BlackElo "1014"]
[PlyCount "79"]
[EventDate "2014.06.18"]
[EventType "swiss"]
[EventRounds "9"]
[EventCountry "GER"]
[SourceTitle "CBM 161 Extra"]
[Source "ChessBase"]
[SourceDate "2014.08.29"]
[SourceVersion "1"]
[SourceVersionDate "2014.08.29"]
[SourceQuality "1"]

1. e4 e5 2. Nf3 Nc6 3. Nc3 Bc5 4. Nxe5 Qh4 5. g3 Qf6 6. f4 Nxe5 7. d4 Nf3+ 8. Qxf3 Qxd4 9. Nb5 Qb4+ 10. Kd1 Qa5 11. Bd2 Qb6 12. b3 a6 13. Nc3 Qd6 14. Bc4 Bb4 15. Kc1 Ba3+ 16. Kd1 Bb4 17. a3 Ba5 18. b4 Bb6 19. e5 Qd4 20. Qe2 Ne7 21. Bb3 0-0 22. Qh5 d5 23. Re1 a5 24. b5 a4 25. Ba2 Ba5 26. Re3 Bxc3 27. Rxc3 Qg1+ 28. Be1 Qd4+ 29. Kc1 Qg1 30. Kb2 Qd4 31. Rd1 Qb6 32. Ka1 d4 33. Bf2 Qa5 34. Bxd4 Nf5 35. Rc5 Nxd4 36. Rxd4 Qe1+ 37. Bb1 Be6 38. Rd1 Qa5 39. c3 b6 40. Qxh7# 1-0

[Event "Rhein Main op-B 17th"]
[Site "Bad Homburg"]
[Date "2014.06.19"]
[Round "2"]
[White "Held, Maurice"]
[Black "Tychyna, Violetta"]
[Result "1/2-1/2"]
[WhiteElo "1585"]
[BlackElo "1018"]
[PlyCount "127"]
[EventDate "2014.06.18"]
[EventType "swiss"]
[EventRounds "9"]
[EventCountry "GER"]
[SourceTitle "CBM 161 Extra"]
[Source "ChessBase"]
[SourceDate "2014.08.29"]
[SourceVersion "1"]
[SourceVersionDate "2014.08.29"]
[SourceQuality "1"]

1. c4 e5 2. Nc3 Nc6 3. Nf3 Nf6 4. d3 Bc5 5. g3 d5 6. cxd5 Nxd5 7. Bd2 Be6 8. Bg2 0-0 9. 0-0 Qd7 10. Ng5 Nxc3 11. Bxc3 Bg4 12. a3 f6 13. Nf3 Rad8 14. b4 Bb6 15. a4 a6 16. b5 axb5 17. axb5 Nd4 18. Bxd4 exd4 19. Rb1 Ra8 20. Nd2 Ra7 21. Nc4 Re8 22. Qb3 Be6 23. Nxb6 cxb6 24. Bh3 Kh8 25. Bxe6 Rxe6 26. Qc2 h6 27. Rfc1 Qe7 28. Qb2 Rxe2 29. Qxd4 Raa2 30. Qxb6 Qd7 31. Rd1 Qf5 32. Rf1 Qxd3 33. Rbd1 Qf3 34. Qd8+ Kh7 35. Qd3+ Qxd3 36. Rxd3 Rab2 37. Rd7 Rxb5 38. Rc1 Kg6 39. Rcc7 Rbb2 40. Rxg7+ Kf5 41. g4+ Kf4 42. Rcf7 Ke5 43. Re7+ Kf4 44. Rxe2 Rxe2 45. Rxb7 Kxg4 46. Kg2 Re5 47. Rg7+ Rg5 48. Rh7 Kh4+ 49. Kf3 h5 50. Rh6 f5 51. Kf4 Rg2 52. Kxf5 Rxf2+ 53. Kg6 Rg2+ 54. Kf5 Rxh2 55. Rg6 Rf2+ 56. Ke4 Kh3 57. Rh6 h4 58. Ke3 Rf7 59. Rg6 Kh2 60. Ke2 h3 61. Rg4 Kh1 62. Rg3 h2 63. Rg4 Rf5 64. Rg3 1/2-1/2

[Event "Rhein Main op-B 16th"]
[Site "Bad Homburg"]
[Date "2013.05.31"]
[Round "4"]
[White "Tychyna, Violetta"]
[Black "Reinecke, Katharina"]
[Result "0-1"]
[WhiteElo "1018"]
[BlackElo "1608"]
[PlyCount "150"]
[EventDate "2013.05.29"]
[EventType "swiss"]
[EventRounds "7"]
[EventCountry "GER"]
[SourceTitle "EXT 2014"]
[Source "ChessBase"]
[SourceDate "2013.11.20"]
[SourceVersion "1"]
[SourceVersionDate "2013.11.20"]
[SourceQuality "1"]

1. e4 c6 2. d4 d5 3. e5 Bf5 4. Nf3 e6 5. Bf4 c5 6. Nc3 Nd7 7. Bb5 a6 8. Bd3 Bxd3 9. Qxd3 Ne7 10. 0-0 Nf5 11. Ne2 Qc7 12. Rfd1 cxd4 13. Nexd4 Nxd4 14. Nxd4 Nxe5 15. Bxe5 Qxe5 16. Re1 Qc7 17. Qe3 Qb6 18. b3 Bc5 19. Rad1 0-0 20. c3 Rfe8 21. Qg5 Rac8 22. Re3 Be7 23. Qg4 Bf6 24. Qh5 h6 25. Qg4 Bg5 26. Rg3 Qd6 27. h4 Bf6 28. Qh5 Qf4 29. Rg4 Qe5 30. Qxh6 Kf8 31. Qh8+ Ke7 32. Qh7 Rh8 33. Qd3 Bxh4 34. Nf3 Qf6 35. Qd4 Qxd4 36. Rdxd4 Bf6 37. Rd1 Rxc3 38. Re1 Rc2 39. a4 Rb2 40. b4 Bc3 41. Rc1 g6 42. g3 Rxb4 43. Rxb4 Bxb4 44. Rc7+ Kf6 45. Rxb7 a5 46. Nd4 Rc8 47. g4 Rc4 48. Nf3 Rxg4+ 49. Kh2 Bd6+ 50. Kh1 Rxa4 51. Rb3 Ra3 52. Rxa3 Bxa3 53. Kg1 Bb4 54. Kf1 a4 55. Nd4 a3 56. Nc2 a2 57. Ke2 Bc3 58. Kd3 a1Q 59. Nxa1 Bxa1 60. Ke3 d4+ 61. Kd3 e5 62. Ke4 Ke6 63. Kd3 f5 64. f3 Kd5 65. Kd2 e4 66. f4 Kc4 67. Kc2 e3 68. Kd1 Kd3 69. Ke1 e2 70. Kf2 Kd2 71. Kf3 e1Q 72. Kg2 Ke2 73. Kh3 Kf3 74. Kh2 Qg3+ 75. Kh1 Qg2# 0-1

[Event "Hessen-ch U12"]
[Site "Bad Homburg"]
[Date "2013.??.??"]
[Round "2"]
[White "Viol, Julius"]
[Black "Tychyna, Violetta"]
[Result "1-0"]
[WhiteElo "1080"]
[BlackElo "866"]
[PlyCount "97"]
[EventDate "2013.03.??"]
[EventType "swiss"]
[EventRounds "9"]
[EventCountry "GER"]
[SourceTitle "EXT 2014"]
[Source "ChessBase"]
[SourceDate "2013.11.20"]
[SourceVersion "1"]
[SourceVersionDate "2013.11.20"]
[SourceQuality "1"]

1. c4 e5 2. g3 Nc6 3. Bg2 d6 4. Nc3 Nf6 5. d3 Nd4 6. Nf3 Bg4 7. Nxd4 exd4 8. Ne4 d5 9. cxd5 Nxd5 10. Qa4+ c6 11. Qxd4 Bb4+ 12. Bd2 c5 13. Qxg7 Bxd2+ 14. Nxd2 Rf8 15. Qxg4 Rb8 16. Bxd5 Qxd5 17. Qe4+ Qxe4 18. Nxe4 Ke7 19. Nxc5 b6 20. Nb3 Rfc8 21. Kd2 Rb7 22. Rac1 Rbc7 23. Rxc7+ Rxc7 24. Rc1 Rxc1 25. Nxc1 Ke6 26. Ke3 Kf5 27. h4 h5 28. Nb3 Ke5 29. Nd4 a6 30. f4+ Kd5 31. Nf5 Ke6 32. Ng7+ Kf6 33. Nxh5+ Kg6 34. g4 f5 35. gxf5+ Kxh5 36. Ke4 Kh6 37. Ke5 Kg7 38. Ke6 Kf8 39. f6 Ke8 40. f7+ Kf8 41. d4 b5 42. h5 b4 43. h6 b3 44. axb3 a5 45. h7 Kg7 46. h8Q+ Kxh8 47. f8Q+ Kh7 48. Kf6 a4 49. Qg7# 1-0

[Event "Rhein Main op-B 15th"]
[Site "Bad Homburg"]
[Date "2012.06.06"]
[Round "1"]
[White "Bangert, Ruediger"]
[Black "Tychyna, Violetta"]
[Result "1-0"]
[WhiteElo "1675"]
[BlackElo "802"]
[PlyCount "61"]
[EventDate "2012.06.06"]
[EventType "swiss"]
[EventRounds "7"]
[EventCountry "GER"]
[SourceTitle "EXT 2013"]
[Source "ChessBase"]
[SourceDate "2012.11.22"]
[SourceVersion "1"]
[SourceVersionDate "2012.11.22"]
[SourceQuality "1"]

1. d4 d5 2. c4 e6 3. Nc3 Bb4 4. e3 Nc6 5. Nf3 Nf6 6. Bd2 Bxc3 7. Bxc3 Ne4 8. Qb3 0-0 9. Bd3 Bd7 10. cxd5 Nxc3 11. dxc6 Bxc6 12. Qxc3 Bxf3 13. gxf3 Re8 14. h4 f6 15. Qc2 f5 16. Qb3 b6 17. Bxf5 Qd5 18. Be4 Qxb3 19. axb3 Rad8 20. Rxa7 c5 21. Rg1 g6 22. dxc5 bxc5 23. h5 Kf8 24. hxg6 hxg6 25. Rh1 Re7 26. Rh8+ Kf7 27. Rh7+ Kf6 28. Rhxe7 Rh8 29. f4 Rf8 30. Rg7 Rf7 31. Raxf7# 1-0